Alcanzando el potencial del gran Caribe / (Registro nro. 8816)

Detalles MARC
000 -LEADER
fixed length control field 02142nam a2200229Ia 4500
003 - CONTROL NUMBER IDENTIFIER
control field OSt
005 - DATE AND TIME OF LATEST TRANSACTION
control field 20211117130840.0
008 - FIXED-LENGTH DATA ELEMENTS--GENERAL INFORMATION
fixed length control field 210310s2008 xxkao fr 000 0 spa d
040 ## - CATALOGING SOURCE
Original cataloging agency CO-JMCR
Transcribing agency CO-JMCR
041 0# - LANGUAGE CODE
Language code of text/sound track or separate title spa
082 04 - DEWEY DECIMAL CLASSIFICATION NUMBER
Classification number 338.918 /
Item number F527a
Edition number 23
110 2# - MAIN ENTRY--CORPORATE NAME
Corporate name or jurisdiction name as entry element FIRST
9 (RLIN) 41565
245 10 - TITLE STATEMENT
Title Alcanzando el potencial del gran Caribe /
Statement of responsibility, etc. FIRST, Asociación de Estados del Caribe
250 ## - EDITION STATEMENT
Edition statement 9° edición
260 ## - PUBLICATION, DISTRIBUTION, ETC.
Place of publication, distribution, etc. Londres :
Name of publisher, distributor, etc. Asociación de Estados del Caribe,
Date of publication, distribution, etc. 2008
300 ## - PHYSICAL DESCRIPTION
Extent 112 páginas :
Other physical details ilustraciones y fotografías a color ;
Dimensions 30 cm.
505 0# - FORMATTED CONTENTS NOTE
Title El Caribe realidades, retos y futuro /
Statement of responsibility Martin Torrijos Espino
Title Un socio comprometido con el Gran Caribe /
Statement of responsibility Samuel Lewis Navarro
Title Coordinando la respuesta regional a los desastres /
Statement of responsibility Ruben Arturo Silic Valdez
Title Perfiles de los Países /
-- Ecoturismo comunitario perspectivas Gran Caribe /
Statement of responsibility Jasmin Garraway
Title La seguridad de los turistas en épocas de desastre /
Statement of responsibility Jasmin Garraway
Title Wilma testimonio de unidad y cultura de la prevención /
Statement of responsibility Rodolfo Elizondo Torres
Title Turismo sostenible: de la intención a su manifestación /
Statement of responsibility Sir Royston O Hopkin
Title ¿Hacia dónde nos dirigimos de aquí en adelante en turismo? /
Statement of responsibility Vincent Vanderpool-Wallace
Title Una alianza estratégica y necesaria /
Statement of responsibility Mercedes Silva
Title Retos del turismo sostenible en destinos insulares /
Statement of responsibility Eugenio Yunis
Title Fortaleciendo al Caribe en el turismo mundial /
Statement of responsibility Victorin Lurel
Title Emprendimientos petroleros y de gas en la cuenca del Caribe /
Statement of responsibility David Renwick
Title El Ron: diálogo y cooperación en el Gran Caribe /
Statement of responsibility Manuel Madriz Formos
Title Paso a paso Fortaleciendo relaciones entre la UE y la AEC /
Statement of responsibility Murielle Lesales
Title La Ciudadela de Laferriere: su simbolismo y su potencial /
Statement of responsibility Watson R Denis PhD
Title El transporte en el Caribe apuesta al crecimiento /
Statement of responsibility David Jessop
Title Expandiendo las asociaciones público-privadas /
Statement of responsibility Clifford E Griffin PhD
Title Turismo de salud y bienestar la experiencia cubana /
Statement of responsibility Gelacio Aday Romeu
650 14 - SUBJECT ADDED ENTRY--TOPICAL TERM
Topical term or geographic name entry element Política y gobierno
9 (RLIN) 18365
Geographic subdivision Área del Caribe
650 24 - SUBJECT ADDED ENTRY--TOPICAL TERM
Topical term or geographic name entry element Integración económica internacional
9 (RLIN) 7032
710 2# - ADDED ENTRY--CORPORATE NAME
Corporate name or jurisdiction name as entry element Asociación de Estados del Caribe
9 (RLIN) 41566
942 ## - ADDED ENTRY ELEMENTS (KOHA)
Source of classification or shelving scheme Dewey Decimal Classification
Koha item type Books
Existencias
Withdrawn status Lost status Source of classification or shelving scheme Damaged status Not for loan Collection code Home library Current library Date acquired Source of acquisition Full call number Barcode Date last seen Copy number Koha item type
    Dewey Decimal Classification     Non-fiction Biblioteca Pública José María del Castillo y Rada Biblioteca Pública José María del Castillo y Rada 04/15/2018 Donación 338.918 / F527a 430004998 05/16/2024 Ej.1 Books